00541nam a22001097a 4500008004100000100002700041245008600068260002900154300003200183520018700215773002900402250722b ||||| |||| 00| 0 eng d aChamberlen, Anastasia  aThe stains of imprisonment. Moral communication and men convicted of sex offenses aSocial & Legal Studies  a34(3), Jun, 2025: p.464-466 aIevins Alice, Oakland: university of California Press, 2023. pp. 214, ISBN 9780520383722, £30.00 (pbk).-Reproduced https://journals.sagepub.com/doi/abs/10.1177/09646639241277685  aSocial & Legal Studies